000 00351nam a2200145Ia 4500
008 210210b1977 xxu||||| |||| 00| 0 eng d
082 _a783 NATB
100 _aNATIONAL BIBLICAL CATECHETICAL & LITURGICAL CENTRE.
245 _aBhajans
260 _aBangalore
_bNBCLC
_c1977
300 _a64
650 _aBhajans
690 _aMusic
906 _a033876
999 _c84749
_d84749